000 00909nam a2200253Ia 4500
003 OSt
005 20220930192651.0
006 a|||||r|||| 00| 0
007 ta
008 220926b |||||||| |||| 00| 0 eng d
024 _a10458
037 _cDissertations
040 _aCRL
_cCRL
_beng
041 _2eng
_aeng
100 _aJaswal Jayant
_9561455
110 _aUniversity of Delhi. Faculty of Medical Sciences. Department of Otorhinolaryngology
_9519799
245 0 _aEvaluation of effect of site and size of tympanic membrance perforation on hearing loss in audiometric study
260 _c1992
650 _aHEAD - DISEASES
_9200017
700 _a Dr B N Borgohain Supervisor
_9559880
700 _aUniversity of Delhi. Faculty of Medical Sciences. Department of Otorhinolaryngology
_9519801
942 _cDIS
_2CC
999 _c895456
_d895456